000
00393nam a22001097a 4500
082
_a
080
100
_a
मनोज अंबिके
_9
82703
245
_a
पॉवर ऑफ कॉन्फिडेंस
260
_a
पुणे
_b
मायमिरर पब्लिशिंग हाउस
_c
2024
650
_a
व्यक्तित्व विकास
_9
65212
942
_c
HIN
999
_c
67407
_d
67407